Male Mind At Work A Womans Guide To Working With Men (Record no. 300797)

MARC details
000 -LEADER
fixed length control field 00421nam a2200157Ia 4500
008 - FIXED-LENGTH DATA ELEMENTS--GENERAL INFORMATION
fixed length control field 230718s9999 xx 000 0 und d
041 ## - LANGUAGE CODE
Language code of text/sound track or separate title eng
082 ## - DEWEY DECIMAL CLASSIFICATION NUMBER
Classification number 658
Item number SWI
100 ## - MAIN ENTRY--PERSONAL NAME
Personal name Swiss D.J.
9 (RLIN) 186893
245 ## - TITLE STATEMENT
Title Male Mind At Work A Womans Guide To Working With Men
260 ## - PUBLICATION, DISTRIBUTION, ETC. (IMPRINT)
Date of publication, distribution, etc. 2000
Name of publisher, distributor, etc. Perseus
300 ## - PHYSICAL DESCRIPTION
Extent 240
365 ## - TRADE PRICE
Currency code Rs.
Price amount 946.00
700 ## - ADDED ENTRY--PERSONAL NAME
Personal name Swiss D.J.
9 (RLIN) 186893
906 ## - LOCAL DATA ELEMENT F, LDF (RLIN)
d B:618120-Oct-2000
c ARCHIT
b 141.9
Holdings
Withdrawn status Lost status Damaged status Not for loan Home library Current library Date acquired Vendor Budget Code Cost, normal purchase price Bill number Total Checkouts Full call number Barcode Date last seen Date last checked out Discount Cost, replacement price Bill Date Koha item type Original Barcode
        Cummins College of Engineering for Women Pune Cummins College of Engineering for Women Pune 18/11/2000 Technical Book Services ARCHIT 804.10 6181 1 658 CCEP-BK-12003 02/01/2024 06/12/2023 141.9 946.00 20/10/2000 Books 012003